00822nam a2200121Ia 4500008004100000020001800041100009000059245020400149260002700353650002000380650026000400856004000660171212s9999 xx 000 0 und d a9780833043184 aMosher, David E.;Lachman, Beth E.;Greenberg, Michael D.;Nichols, Tiffany;Rosen, Brian cMosher, David E.;Lachman, Beth E.;Greenberg, Michael D.;Nichols, Tiffany;Rosen, BrianaGreen WarriorsbArmy Environmental Considerations for Contingency Operations from Planning Through Post-Conflict bRAND Corporationc2008 aHealth Sciences aUnited States. Army -- Foreign service -- Environmental aspects; United States. Army -- Operations other than war -- Environmental aspects; Postwar reconstruction -- Environmental aspects; Military doctrine -- United States -- Environmental aspects; Envir uwww.jstor.org/stable/10.7249/mg632a